000 00395cam a2200157 a 4500
020 _a0070670218
040 _cDLC
082 0 0 _a301 MCG 1996 A021 Or.
100 2 _aVander Zanden, James Wilfrid.
245 1 0 _aSociology :
_bthe core /
250 _a4th ed.
260 _aNew York :
_bMcGraw-Hill,
_cc1996.
300 _axvi, 471, 21 p. :
_bill. ;
_c24 cm.
650 0 _aSociology.
942 _cEK
999 _c12580
_d12580